00546nam a2200169 i 450000100060000000300090000600500170001500700030003200800410003524501210007625000120019726000420020930000360025170000280028770000290031585200320034475135ES-MaACL20230906172339.0t|040922s1979 sp ||||1| spa d00aBases farmacológicas de la terapéutica / cdirigido por Louis S. Goodman ; traducido por Roberto Espinosa Zarza. a5ª ed. a[Madrid] : bInteramericana, c[1979] aXVI, 1412 p. : bil. ; c26 cm.1 aGoodman, Louis Sanford.1 aEspinosa Zarza, Roberto. aES-MaACLjF-6720 bR.100127